Masters Arata Isozaki, Jean Nouvel, Legorreta Arquitectos Steven Holl (Record no. 1848)
[ view plain ]
| 000 -LEADER | |
|---|---|
| fixed length control field | 00314nam a2200109Ia 4500 |
| 008 - FIXED-LENGTH DATA ELEMENTS--GENERAL INFORMATION | |
| fixed length control field | 200302s9999 xx 000 0 und d |
| 100 ## - MAIN ENTRY--PERSONAL NAME | |
| Personal name | Francisco Asensio Cerver |
| 245 ## - TITLE STATEMENT | |
| Title | Masters Arata Isozaki, Jean Nouvel, Legorreta Arquitectos Steven Holl |
| 260 ## - PUBLICATION, DISTRIBUTION, ETC. | |
| Name of publisher, distributor, etc. | Atrium Internatonal |
| 260 ## - PUBLICATION, DISTRIBUTION, ETC. | |
| Date of publication, distribution, etc. | 1997 |
| 300 ## - PHYSICAL DESCRIPTION | |
| Extent | 191 P., |
| Withdrawn status | Lost status | Damaged status | Not for loan | Permanent Location | Current Location | Date acquired | Cost, normal purchase price | Full call number | Barcode | Date last seen | Price effective from | Koha item type |
|---|---|---|---|---|---|---|---|---|---|---|---|---|
| BMS College of Architecture, Design and Planning | BMS College of Architecture, Design and Planning | 2020-03-03 | 1731.45 | 720.92 | CL-UG42353 | 2020-03-03 | 2020-03-03 | UG Books from CL |